| 000 | 01570nam a2200253 i 4500 | ||
|---|---|---|---|
| 003 | OSt | ||
| 008 | 201027s2021 waua j| 000 0 eng d | ||
| 020 |
_a9781433833755 _cRM79.90 _qhardback |
||
| 040 |
_aPPAK _beng _cPPAK _erda |
||
| 082 |
_223 _a371.94 |
||
| 090 | 0 | 0 |
_a371.94 _bSHI _dK |
| 100 | 1 |
_aShifrin, Joshua, _eauthor. |
|
| 245 | 1 | 0 |
_aTHE HOMEWORK SQUAD'S ADHD GUIDE TO SCHOOL SUCCESS / _cBy Joshua Shifrin, PhD, ABSNP, NCSP, ADHD-CCSP ; Illustrated by Tracy Bishop Nishimura |
| 264 | 1 |
_aWashington, DC : _bMagination Press, _c[2021] |
|
| 300 |
_a131 pages : _bcolour illustrations ; _c24 cm. |
||
| 336 |
_atext _2rdacontent |
||
| 337 |
_aunmediated _2rdamedia |
||
| 338 |
_avolume _2rdacarrier |
||
| 505 |
_tA word from the homework squad
_tRead like a champ _tMake math click _tWrite your heart out _tListen up _tSet good goals _tTake note _tStudy like a pro _tPower up the concentration _tGet it memorized _tTest better _tFight procrastination _tA final word from the homework squad |
||
| 520 | _aThe homework squad is here for you! Having ADHD can get in the way of everything ... we know. This easy-to-use guide will help you with key study skills to improve your reading, writing, math, listening, memorization, concentration, and more! Bite-size tips and tricks, journal prompts, and advice for challenges help kids with ADHD recognize how they learn best and act on that knowledge. | ||
| 650 | 1 | 0 |
_aAttention-deficit-disordered children _vEducation _xJuvenile literature. |
| 700 | 1 |
_aBishop, Tracy Nishimura, _eillustrator. |
|
| 942 |
_2ddc _cB |
||
| 999 |
_c190562 _d190562 |
||